Argentins du PSG - Statistiques

Statistiques générales
  • Ce quiz a été pris 2 374 fois
    1 899 depuis la dernière actualisation
  • Le résultat moyen est 6 sur 17
Statistiques - réponses
Hint Réponse % Correct
Attaquant 2021-2023 Lionel Messi
95%
Milieu 2015 - 2022 Angel Di Maria
90%
Milieu 2018 - encore au club Leandro Paredes
72%
Milieu 2011 - 2018 Javier Pastore
61%
Attaquant 2019- encore au club Mauro Icardi
61%
Attaquant 2012-2016 Ezequiel Lavezzi
58%
Milieu 2016 - 2018 Giovani Lo Celso
37%
Défenseur 2001 - 2003 Mauricio Pochettino
26%
Défenseur 2001 - 2004 Gabriel Heinze
25%
Milieu 2003-2004 Juan Pablo Sorin
12%
Attaquant 1977-1979 Carlos Bianchi
9%
Milieu 2006 - 2008 Marcelo Gallardo
7%
Attaquant 2002-2004 Martin Cardetti
6%
Milieu 1982 Osvaldo Ardiles
4%
Milieu 1987-1990 Gabriel Calderon
3%
Attaquant 1985-1986 Omar da Fonceca
2%
Défenseur 1977 - 1979 Ramon Heredia
2%
Aucun quiz correspondant
Distribution des résultats
% des personnes avec chaque résultat
Percentile par nombre de réponses
Votre historique - résultats
Vous n’avez pas pris ce quiz depuis la dernière actualisation